| 000 | 00819nam a2200229 i 4500 | ||
|---|---|---|---|
| 001 | 172414 | ||
| 003 | ES-MaACL | ||
| 005 | 20250819054658.0 | ||
| 008 | 090702s1961 sp |||| | spa d | ||
| 080 | _a821.133.1-96"17" | ||
| 080 | _a141.45 | ||
| 100 | 1 |
_aSade, _cmarquis de, _d1740-1814 _9101276 |
|
| 245 | 1 | 0 |
_aDialogue entre un prêtre et un moribond et autres opuscules / _cD. A. F. de Sade ; préface de Maurice Heine. |
| 260 |
_aParis : _bJean Jacques Pauvert, _c[1961] |
||
| 300 |
_a139 p. ; _c17 cm. |
||
| 490 | 1 |
_aOeuvres completes / Sade ; _v7 |
|
| 650 | 0 | 7 |
_aAteísmo _2embne _910395 |
| 700 | 1 |
_aHeine, Maurice. _9140928 |
|
| 830 | 0 |
_aOeuvres completes / Sade ; _v7 _9223319 |
|
| 852 |
_aES-MaACL _jE-12745 _9R.140370 _z.- Biblioteca Jacinto Martínez Lacalle |
||
| 999 |
_c172414 _d172414 |
||